SG & R Valuation Service Co v Boudrais and Ors (Record no. 80510)

MARC details
000 -LEADER
fixed length control field 02647cad a22004095a 4500
001 - CONTROL NUMBER
control field L144528
008 - FIXED-LENGTH DATA ELEMENTS--GENERAL INFORMATION
fixed length control field 080725e20080512xxk f v 000 0 eng d
035 ## - SYSTEM CONTROL NUMBER
System control number (Sirsi) u144528
041 0# - LANGUAGE CODE
Language code of text/sound track or separate title eng
245 00 - TITLE STATEMENT
Title SG & R Valuation Service Co v Boudrais and Ors
Medium [electronic resource]
260 ## - PUBLICATION, DISTRIBUTION, ETC.
Date of publication, distribution, etc. 2008
520 ## - SUMMARY, ETC.
Summary, etc. [2008] EWHC 1340 (QB) 12 May 2008. Where an employment bargain conferred the right to work, this was subject to the qualification that an employee had not, as some prior breach of contract, demonstrated that they were not willing to work. An employer had been justified to place employees on garden leave where there had been wrongdoing, despite there being no express contractual power to do so. Claimant (S) sought interim relief requiring defendant employees (B) to serve a period of garden leave. B had resigned and wrongdoing was noticed by S almost immediately, who asked B to take garden leave. B claimed that this was a repudiatory breach of contract and gave resignation with immediate effect, saying that they were not contractually obliged to stay at home for garden leave. Held: original contracts were accepted as being updated by the employee manual when it was updated, even if the manual was not issued with the original contracts and S had reasonable cause to request that B stay at home, as B was guilty of active wrongdoing.
590 ## - LOCAL NOTE (RLIN)
Local note KA
650 24 - SUBJECT ADDED ENTRY--TOPICAL TERM
Topical term or geographic name entry element SG & R VALUATION SERVICE CO V BOUDRAIS AND ORS
650 24 - SUBJECT ADDED ENTRY--TOPICAL TERM
Topical term or geographic name entry element MALIK V BANK OF CREDIT AND COMMERCE INTERNATIONAL SA
650 24 - SUBJECT ADDED ENTRY--TOPICAL TERM
Topical term or geographic name entry element UNIVERSITY OF NOTTINGHAM V FISHEL
650 24 - SUBJECT ADDED ENTRY--TOPICAL TERM
Topical term or geographic name entry element LANSING LINDE LTD V KERR
650 24 - SUBJECT ADDED ENTRY--TOPICAL TERM
Topical term or geographic name entry element COLLIER V SUNDAY REFEREE PUBLISHING CO
650 24 - SUBJECT ADDED ENTRY--TOPICAL TERM
Topical term or geographic name entry element MARBE V GEORGE EDWARDES (DALY'S THEATRE) LD
650 24 - SUBJECT ADDED ENTRY--TOPICAL TERM
Topical term or geographic name entry element LAGERWALL V WILKINSON
650 24 - SUBJECT ADDED ENTRY--TOPICAL TERM
Topical term or geographic name entry element HENDERSON AND CLARKE LD
650 24 - SUBJECT ADDED ENTRY--TOPICAL TERM
Topical term or geographic name entry element TURNER V SAWDON AND CO
650 24 - SUBJECT ADDED ENTRY--TOPICAL TERM
Topical term or geographic name entry element WILLIAM HILL ORGANISATION LTD V TUCKER
650 24 - SUBJECT ADDED ENTRY--TOPICAL TERM
Topical term or geographic name entry element MILES V WAKEFIELD METROPOLITAN BOROUGH COUNCIL
650 24 - SUBJECT ADDED ENTRY--TOPICAL TERM
Topical term or geographic name entry element LANGSTON V AMALGAMATED UNION OF ENGINEERING WORKERS
650 24 - SUBJECT ADDED ENTRY--TOPICAL TERM
Topical term or geographic name entry element THOMAS MARSHALL (EXPORTS) LTD V GUINLE
650 24 - SUBJECT ADDED ENTRY--TOPICAL TERM
Topical term or geographic name entry element RDF MEDIA GROUP PLC V CLEMENTS
650 24 - SUBJECT ADDED ENTRY--TOPICAL TERM
Topical term or geographic name entry element BREMER VULCAN SCHIFFBAU UND MASCHINENFABRIK V SOUTH INDIA SHIPPING CORP
650 24 - SUBJECT ADDED ENTRY--TOPICAL TERM
Topical term or geographic name entry element PAAL WILSON V PARTENREEDEREI HANNAH BLUMENTHAL
650 24 - SUBJECT ADDED ENTRY--TOPICAL TERM
Topical term or geographic name entry element ROGER BULLIVANT LTD V ELLIS
650 24 - SUBJECT ADDED ENTRY--TOPICAL TERM
Topical term or geographic name entry element MIDAS IT SERVICES V OPUS PORTFOLIO LTD
650 24 - SUBJECT ADDED ENTRY--TOPICAL TERM
Topical term or geographic name entry element PROVIDENT GROUP PLC V HAYWARD
651 #4 - SUBJECT ADDED ENTRY--GEOGRAPHIC NAME
Geographic name United Kingdom
Chronological subdivision
690 ## - LOCAL SUBJECT ADDED ENTRY--TOPICAL TERM (OCLC, RLIN)
Topical term or geographic name as entry element MANAGEMENT-BUSINESS MANAGEMENT-PROFESSIONAL PRACTICE
856 40 - ELECTRONIC LOCATION AND ACCESS
Uniform Resource Identifier <a href="https://www.bailii.org/ew/cases/EWHC/QB/2008/1340.html">https://www.bailii.org/ew/cases/EWHC/QB/2008/1340.html</a>
Public note View the case free of charge at www.bailii.org...
942 ## - ADDED ENTRY ELEMENTS (KOHA)
Suppress in OPAC 0
Holdings
Withdrawn status Lost status Source of classification or shelving scheme Damaged status Not for loan Home library Current library Shelving location Date acquired Total Checkouts Full call number Barcode Date last seen Copy number Price effective from Koha item type
    Dewey Decimal Classification     Virtual Virtual Online 25/07/2008   ONLINE PUBLICATION 144528-1001 06/08/2019 1 06/08/2019 Law report